| Поле | Инд. | ПП | Название | Значение |
|---|---|---|---|---|
| Тип записи | a | |||
| Библиографический уровень | b | |||
| 001 | Контрольный номер | RU/IS/BASE/105022118 | ||
| 005 | Дата корректировки | 20200522190757.9 | ||
| 084 | a | Индекс другой классификации/Индекс ББК | 66.4(2Рос),4; 65.59(2Рос); 65.305.143.22; 65.428.532 | |
| 100 | 1_ | a | Автор | Хлопов О. А. |
| 245 | a | Заглавие | Треугольник ОПЕК - США - Россия | |
| 504 | a | Библиография | Библиогр. ссылки. - Примеч. | |
| 650 | a | Основная рубрика | внешнеэкономическая деятельность | |
| a | Основная рубрика | внешняя политика | ||
| a | Основная рубрика | внешняя торговля | ||
| a | Основная рубрика | международные отношения | ||
| a | Основная рубрика | политика | ||
| a | Основная рубрика | торговля | ||
| a | Основная рубрика | экономика | ||
| a | Основная рубрика | экономика промышленности | ||
| 653 | a | Ключевые слова | внешнеэкономическая политика | |
| a | Ключевые слова | добыча нефти | ||
| a | Ключевые слова | международное экономическое сотрудничество | ||
| a | Ключевые слова | мировые цены | ||
| a | Ключевые слова | нефтедобывающая промышленность | ||
| a | Ключевые слова | нефть | ||
| a | Ключевые слова | нефтяная отрасль | ||
| a | Ключевые слова | нефтяная политика | ||
| a | Ключевые слова | Организация стран-экспортеров нефти (ОПЕК) | ||
| a | Ключевые слова | Россия | ||
| a | Ключевые слова | рынок нефти | ||
| a | Ключевые слова | страны | ||
| a | Ключевые слова | США | ||
| a | Ключевые слова | торговля нефтью | ||
| a | Ключевые слова | цены на нефть | ||
| a | Ключевые слова | экспорт нефти | ||
| a | Ключевые слова | энергетическая безопасность | ||
| a | Ключевые слова | энергетическая стратегия | ||
| 773 | t | Заглавие источника | Вестник Московского университета. Серия 18, Социология и политология | |
| d | Дата издания источника | 2003 | ||
| g | Прочая информация | № 1. - С. 58 - 74 | ||
| w | Контрольный № источника | RU/IS/BASE/103733045 | ||
| 901 | t | Тип документа | b |